مراٹھی ادب میں صوفيانہ شاعری / (Record no. 20648)
[ view plain ]
| 000 -LEADER | |
|---|---|
| fixed length control field | 00722nam a22001937a 4500 |
| 005 - DATE AND TIME OF LATEST TRANSACTION | |
| control field | 20200121105746.0 |
| 010 ## - LCCN (DPL NO) | |
| LC control number | UR-7568 B-283764 |
| 020 ## - INTERNATIONAL STANDARD BOOK NUMBER | |
| International Standard Book Number | 9788182234031 |
| Terms of availability | 150.00 |
| 035 ## - SYSTEM CONTROL NUMBER | |
| System control number | B-283764 |
| 035 ## - SYSTEM CONTROL NUMBER | |
| System control number | U-6123 |
| 082 ## - DEWEY DECIMAL CLASSIFICATION NUMBER | |
| Classification number | 861.108 |
| 100 ## - MAIN ENTRY--PERSONAL NAME | |
| Personal name | عبراللہ امتیازاحمد |
| 245 ## - TITLE STATEMENT | |
| Title | مراٹھی ادب میں صوفيانہ شاعری / |
| Statement of responsibility, etc | عبراللہ امتیازاحمد |
| 246 ## - VARYING FORM OF TITLE | |
| Title proper/short title | Marathi Adab Mein Sufiyana Shaeri (Urdu) / |
| Remainder of title | by Abdullah Imteyaz Ahmad |
| 260 ## - PUBLICATION, DISTRIBUTION, ETC. (IMPRINT) | |
| Place of publication, distribution, etc | Delhi |
| Name of publisher, distributor, etc | Educational Publishing House |
| Date of publication, distribution, etc | 2008 ء |
| 270 ## - ADDRESS | |
| Address | 3108, Vakil Street, Kucha Pandit, Lal Kuan |
| City | Delhi |
| Postal code | 110006 |
| 300 ## - PHYSICAL DESCRIPTION | |
| Extent | 144p. |
| Dimensions | 22cm(Hb) |
| 942 ## - ADDED ENTRY ELEMENTS (KOHA) | |
| Source of classification or shelving scheme | Dewey Decimal Classification |
| Item type | Urdu Bks |
| Classification part | 861.108 |
| Call number suffix | ع ب د |
| Withdrawn status | Lost status | Not for loan | Collection code | Home library | Current library | Date acquired | Cost, normal purchase price | Full call number | Barcode | Copy number | Cost, replacement price | Koha item type | Source of acquisition |
|---|---|---|---|---|---|---|---|---|---|---|---|---|---|
| Non-fiction | Central Library | Central Library | 06/01/2009 | 150.00 | 861.108 ع ب د | B-283764 | 1 | 150.00 | Urdu Bks | ||||
| Not For Loan | Non-fiction | D.B.Act.Division | D.B.Act.Division | 08/09/2009 | 150.00 | 861.08 ع ب ر | U-6123 | 1 | 150.00 | Urdu Bks | DBAD / PUB |
